000 00748nam a2200265Ia 4500
003 OSt
005 20220928112948.0
006 a|||||r|||| 00| 0
007 ta
008 220927b |||||||| |||| 00| 0 eng d
020 _c1541.25
024 _a124154
037 _b088, 19/08/2014, N.R.Book Distributors
_cTextual
040 _aSDCL
_cSDCL
_beng
041 _2eng
_aeng
082 _aL:4:56, Q4
100 _aMale David
_9419297
245 0 _aImmunology
_b An illustrated outline
250 _a5th
260 _aNew York
_b Garland Science
_c2014
300 _aV11-146P
_ccm.
650 _aGenetics
942 _hL:4:56, Q4
_cTEXL
_2CC
999 _c747369
_d747369